000 00521nam a2200181Ia 4500
003 OSt
005 20251220115332.0
008 210210b1925 xxu||||| |||| 00| 0 eng d
040 _cAL
041 _akan
082 _a859/2201
100 _aSUBBARAYA SHASTRI
_9158566
_dಸುಬ್ಬರಾಯ ಶಾಸ್ತ್ರಿ
245 _aShukasaptati kathegalu
_bಶುಕಸಪ್ತತಿ ಕತೆಗಳು
260 _aBengaluru
_b-
_c1925
690 _aKannada Fiction
_9158567
906 _a022913
942 _2ddc
_cBK
999 _c147618
_d147618